| 000 | 00734nam a22002057a 4500 | ||
|---|---|---|---|
| 003 | OSt | ||
| 005 | 20250129105206.0 | ||
| 008 | 250129b |||b|||| |||| 00| 0 spa d | ||
| 020 | _a9587011694 | ||
| 037 | _bDonación | ||
| 040 |
_aCO-JMCR _cCO-JMCR _bspa _dCO-JMCR _erda |
||
| 041 | 0 | _aspa | |
| 082 | 0 | 4 |
_a344.0131 _bF67c _223 |
| 110 | 2 |
_aFondo de las Naciones Unidas para la Infancia. _944023 |
|
| 245 | 1 | 0 |
_aCreciendo en el asfalto : _bniños, niñas y jóvenes vendedores en la calles de Bogotá / _cUNICEF, Universidad Nacional de Colombia. |
| 260 |
_aBogotá : _bUniversidad Nacional de Colombia, _c2002. |
||
| 300 |
_a192 páginas. : _bilustraciones, mapas ; _c24 cm. |
||
| 504 | _aIncluye bibliografía. | ||
| 942 |
_2ddc _cBK |
||
| 999 |
_c30931 _d17315 |
||